LEADER 01992nam0 22004693i 450 001 VAN00193045 005 20240806101136.328 017 70$2N$a9783319674865 100 $a20210726d2017 |0itac50 ba 101 $aeng 102 $aCH 105 $a|||| ||||| 200 1 $aˆThe ‰Dark Arrow of Time$ea Scientific Novel$fMassimo Villata 210 $aCham$cSpringer$d2017 215 $av, 163 p.$d24 cm 410 1$1001VAN00112268$12001 $aScience and Fiction$1210 $aCham [etc.]$cSpringer$d2014- 500 1$3VAN00193046$aˆLa ‰freccia oscura del tempo$91835171 606 $a00-XX$xGeneral and overarching topics; collections [MSC 2020]$3VANC025238$2MF 606 $a00A79 (77-XX)$xPhysics [MSC 2020]$3VANC023182$2MF 606 $a81Txx$xQuantum field theory; related classical field theories [MSC 2020]$3VANC027580$2MF 606 $a81V35$xNuclear physics [MSC 2020]$3VANC023270$2MF 610 $aAntimatter science fiction$9KW:K 610 $aAntiparticles$9KW:K 610 $aCPT symmetry$9KW:K 610 $aExoplanets$9KW:K 610 $aFeynman diagrams$9KW:K 610 $aGenetic engineering$9KW:K 610 $aInterplanetary Travel$9KW:K 610 $aTeleportation$9KW:K 610 $aTime travel$9KW:K 620 $aCH$dCham$3VANL001889 700 1$aVillata$bMassimo$3VANV170910$0825039 712 $aSpringer $3VANV108073$4650 790 1$aWells, Max$zVillata, Massimo$3VANV170912 801 $aIT$bSOL$c20250314$gRICA 856 4 $uhttp://doi.org/10.1007/978-3-319-67486-5$zE-book ? Accesso al full-text attraverso riconoscimento IP di Ateneo, proxy e/o Shibboleth 899 $aBIBLIOTECA DEL DIPARTIMENTO DI MATEMATICA E FISICA$1IT-CE0120$2VAN08 912 $fN 912 $aVAN00193045 950 $aBIBLIOTECA DEL DIPARTIMENTO DI MATEMATICA E FISICA$d08DLOAD e-book 3303 $e08eMF3303 20210726 996 $aFreccia oscura del tempo$91835171 997 $aUNICAMPANIA